| 000 | 00641na a2200217 4500 | ||
|---|---|---|---|
| 001 | 19243 | ||
| 003 | MIRAKIL | ||
| 005 | 20181213155059.0 | ||
| 008 | 161212b tu 000 0 | ||
| 040 |
_aMilas _btur _cTR-AnCHP |
||
| 041 | _atur | ||
| 082 |
_a320.531502 _bS67 [t.y.] |
||
| 090 | _a320.531502 S67 [t.y.] | ||
| 245 |
_aSosyal demokrasi açısından Türkiye için sağlık politikaları _cHazırlayan Türkan Akyol |
||
| 260 |
_a[y.y.] _bTÜSES Yayınları _c[t.y.] |
||
| 300 |
_a25 s. _c30 sm. |
||
| 650 |
_aSosyal demokrasi _zTürkiye |
||
| 650 |
_aSosyal demokrasi _xSağlık |
||
| 700 | _aAkyol, Türkan | ||
| 942 |
_2ddc _cBKS |
||
| 999 |
_c6199 _d6199 |
||